1549 1368 1389 1362 1323 1101 1278 1409 1463 1196 1727 1346 1339 1527 1683 1966 1880 1430 1337 1329 1334 1441 1103 1799 1968 1436 1967 1022 1261 1868 1974 1177 1167 1122 1400 1165 1883 1347 1457 1553 1140 1119 1771 1411 1692 1977 1112 1519 1762 1784 1093 1897 1555 1963 1390 1436 1504 1637 1699 1306 1327 1056 1437 1718 1217 1360 1450 1286 1501 1017 1764 1422 1010 1542 1106 1099 1132 1873 1731 1767 1092 1257 1384 1549 1793 1776 1019 1824 1256 1739 1215 1797 1994 1916 1261 1672 1810 1897 1473 BCNSPRNW ULIB Ver.6.0+V

เปลี่ยนเป็นภาษาไทย

Change to English
 แสดงรายละเอียดบรรณานุกรม
  กลับหน้าหลัก

Brief Record : Get Marc (ISO 2709) : E-mail record : QR code < ปิดหน้าต่าง
LEADER : 00000nam 2200000uu 4500
001    13399111806
003     ULIB
008    110627s2552||||th 000 0 tha d
020    9786117123122
090    นว.^bอ333ห 2552
100 0  อรพิชชา
245 00 หนี้รักกับดักหัวใจ/^cอรพิชชา
250    พิมพ์ครั้งที่ 1
260    กรุงเทพฯ :^bกรีนมายด์,^c2552
300    238 หน้า
945    ^p179^l0^i026036
995    ทศพร
999 ^a ใช้งานได้ทุกระบบ
รายการนี้ยังไม่มีแท็ก
คุณยังไม่ได้ล็อกอิน คุณสามารถมีกิจกรรมร่วมกับเว็บไซต์ได้ แต่ต้องล็อกอินก่อน ::
  ล็อกอิน

รายการสื่อสารสนเทศ

ลำดับที่ ประเภท เลขเรียก/บาร์โค้ด สถานที่ สถานะ
- ไม่พบข้อมูล -

BibComment


ยังไม่เคยถูกคอมเมนท์

คอมเมนท์ทรัพยากรรายการนี้
  คอมเมนท์: หนี้รักกับดักหัวใ..


 Copyright 2026. Bcnsprnw @Library